00636nam a2200157 a 45000010005000000030005000050050017000100080041000270200015000680400020000831000028001032450062001312600040001933000009002335050236002421495CDMR20131015122410.0130130s19671981||||||||||||||||||||||||d a8427605420 aCDMRbcatcCDMR1 aGómez Aparicio, Pedro10aHistoria del periodismo españolcPedro Gómez Aparicio aMadridc1967-1981bEditora Nacional a4 v. aConté: 1.- Desde la "Gaceta de Madrid" (1661) hasta el destronamiento de Isabel II ; 2.- De la Revolución de Septiembre al desastre colonial ; 3.- De las guerras coloniales a la Dictadura ; 4.- De la Dictadura a la Guerra Civil